Score 0/10 Timer 20:00
1 Play Today
Question Answer Wrong Answers
Who plays Bethany ? Lucy Fallon
96.4%
Elle mulvaney
1.1%
Emily Carson
1.3%
Quinn Charles
0.6%
Bethany was almost named after a famous singer.Which singer? Britney spears
82.8%
Beyonce
6.8%
Rihanna
4.4%
Katie Price (Jordan)
5%
What is Bethany Platts biological dad's first name? Neil
80%
John
6.9%
Will
7.8%
Gary
4.3%
How old was her mum when she fell pregnant with bethany ? 13
79.4%
12
8.8%
15
10.4%
50
0.6%
Bethany fell for her mums new boyfriend. Who is the man she fell for ? Gary
76.4%
Callum
15.1%
Jason
4.8%
Todd
2.4%
Way back in the day Bethany took some drugs after her babysitter David had hid them in her dolly. What were the drugs? Ecstasy
75.6%
M-Cat
5%
Cocaine
11.2%
Crystal Meth
7.1%
What year was Bethany Platt born? 2000
68.2%
1999
8%
2001
15.1%
1998
7.7%
When did Bethany return from Milan when she was 14 ? March 2015
64.7%
September 2013
13.1%
She never left
4.5%
August 2016
16.8%
Who kidnapped her when she was just 3 years old ? Her biological dad's mother
61.2%
Richard Hillman
29.5%
Gail Platt (her grandma)
2.9%
David her deranged uncle
5.6%
Where was Bethany whilst Richard Hillman was driving the Platts into a canal? In the boot
46.5%
The back seat
32.7%
With Audrey
8.9%
She wasn't born yet
11.1%
Remove Ads.
Support Sporcle.
Get the best of Sporcle when you Go Orange. This ad-free experience offers more features, more stats, and more fun while also helping to support Sporcle. Thank you for becoming a member.

You're not logged in!

Compare scores with friends on all Sporcle quizzes.
OR
Log In

Sporcle TV

Today on Sporcle TV


Watch our educational content, quiz creation guides, and fun videos on Sporcle TV.

Show Comments

Extras

Top Quizzes Today


Score Distribution

Paid Content

Your Account Isn't Verified!

In order to create a playlist on Sporcle, you need to verify the email address you used during registration. Go to your Sporcle Settings to finish the process.

Report this User

Report this user for behavior that violates our Community Guidelines.

Details: